| 000 | 00376nam a2200145Ia 4500 | ||
|---|---|---|---|
| 008 | 230917s9999||||xx |||||||||||||| ||und|| | ||
| 040 |
_e203390 _aMAIN |
||
| 041 | _aEnglish | ||
| 082 | _a647.94 S15E | ||
| 100 | _aSlattery, Paul | ||
| 245 | 0 | _aEconomic ascent of the hotel business | |
| 260 |
_aOxford _bGoodfellow Publishers _c2009 |
||
| 300 | _aviii, 240 p. | ||
| 942 | _cBK | ||
| 999 |
_c173654 _d173654 |
||